[Event "IECG QN.2002.0.00216"]
[Site "IECG email"]
[Date "2002.03.20"]
[Round "?"]
[White "Hendershot, Paul"]
[Black "Wolski, Jacek"]
[Result "1-0"]
[WhiteElo "799"]
[BlackElo "800"]
[PlyCount "45"]
[EventDate "2002.03.20"]
[EventType "tourn (corr)"]
[EventRounds "6"]
[SourceTitle "Corr 2008"]
[Source "ChessBase"]
[SourceDate "2008.06.24"]
[SourceVersion "1"]
[SourceVersionDate "2008.06.24"]
[SourceQuality "1"]

1. e4 e5 2. d3 Nf6 3. Nf3 Nc6 4. Be2 Bc5 5. Be3 Bxe3 6. fxe3 d5 7. exd5 Nxd5 8. Qd2 0-0 9. 0-0 Bg4 10. Nc3 Nf6 11. h3 Bh5 12. a3 Qe7 13. d4 e4 14. Nh4 Na5 15. Bxh5 Nxh5 16. Nf5 Nc4 17. Nxe7+ Kh8 18. Qe2 Nxb2 19. Qxh5 g6 20. Qe5+ f6 21. Rxf6 Kg7 22. Rf4+ Kh6 23. Rh4# 1-0

[Event "IECG QN.2002.0.00208"]
[Site "IECG email"]
[Date "2002.01.13"]
[Round "?"]
[White "Crowther, Pete"]
[Black "Wolski, Jacek"]
[Result "1-0"]
[WhiteElo "575"]
[BlackElo "800"]
[PlyCount "39"]
[EventDate "2002.01.13"]
[EventType "tourn (corr)"]
[EventRounds "6"]
[SourceTitle "Corr 2008"]
[Source "ChessBase"]
[SourceDate "2008.06.24"]
[SourceVersion "1"]
[SourceVersionDate "2008.06.24"]
[SourceQuality "1"]

1. e4 c6 2. d4 d5 3. e5 Nh6 4. Bxh6 Bf5 5. Bg5 f6 6. Bf4 Qa5+ 7. Nd2 Nd7 8. a3 Qc7 9. c4 e6 10. Ngf3 h6 11. Be2 c5 12. 0-0 0-0-0 13. cxd5 exd5 14. Rc1 b6 15. Bg3 g5 16. e6 Bxe6 17. Bxc7 Kxc7 18. Ba6 f5 19. Re1 Re8 20. Bb5 1-0

[Event "IECG QN.2002.0.00208"]
[Site "IECG email"]
[Date "2002.01.13"]
[Round "?"]
[White "Hill, Robin"]
[Black "Wolski, Jacek"]
[Result "1-0"]
[WhiteElo "800"]
[BlackElo "800"]
[PlyCount "31"]
[EventDate "2002.01.13"]
[EventType "tourn (corr)"]
[EventRounds "6"]
[SourceTitle "Corr 2008"]
[Source "ChessBase"]
[SourceDate "2008.06.24"]
[SourceVersion "1"]
[SourceVersionDate "2008.06.24"]
[SourceQuality "1"]

1. d4 c6 2. c4 d5 3. Nc3 Nf6 4. Nf3 Bf5 5. Qb3 Nbd7 6. cxd5 cxd5 7. Nxd5 e6 8. Nxf6+ Nxf6 9. Qxb7 Bd6 10. Qc6+ Nd7 11. Qxd6 Nf6 12. Qxd8+ Rxd8 13. Bg5 0-0 14. Bxf6 gxf6 15. e3 Rc8 16. b4 1-0